000 00393nam a22001337a 4500
082 _a363.73
_bPAR
_cL-01,p-15
100 _aPartness, Bickerdike Allen
_945566
245 _aDesign principle of fire safety
_cPartness, Bickerdike Allen
260 _aLondon,:
_bHMSO,
_cc.1996
300 _a291p.
_bill.
_c30cm.
500 _aNUST
526 _a0
_b0
_c0
_d363_730000000000000_PAR
942 _2ddc
_cBK
999 _c549052
_d549052